Paraguay Country Quiz - Statistics

General Stats
  • This quiz has been taken 766 times
    749 since last reset
  • The average score is 9 of 20
Answer Stats
Clue Answer % Correct
Bordering countries Brazil
98%
Bordering countries Argentina
97%
Bordering countries Bolivia
96%
Official languages Spanish
95%
Capital city Asunción
93%
Staple crop Corn
57%
Longest river Paraguay
49%
Official languages Guarani
44%
Major waterfalls near the above Iguazu Falls
44%
River on the southeastern border Paraná
38%
Meaning of the name of that city Assumption
31%
Sport event won by Paraguay in 1953 and 1979 Copa América
26%
Most common last name González
21%
Another name for the Paraguayan War War of the {Triple} {Alliance}
21%
Semiarid lowland in the west Chaco
20%
Second most populous city Ciudad del Este
20%
Crop that accounts for 40% of the exports Soybean
20%
Anti-communist dictator and general Alfredo Stroessner
14%
Dam on that river that produces 75% of the whole electricity Itaipu Dam
11%
CONMEBOL headquarters city Luque
10%
No matching quizzes found
Score Distribution
Percent of People with Each Score
Percentile by Number Answered
Your Score History
You have not taken this quiz since the last reset